| 000 | 00000nam 2200000zi 4500 |
| 001 | 9.947115 |
| 003 | CaOODSP |
| 005 | 20250121091805 |
| 006 | m o d f |
| 007 | cr bn||||||||| |
| 008 | 250120m19952003onca obu f001 0 fre d |
| 022 | |z0660961113 |
| 040 | |aCaOODSP|bfre|erda|cCaOODSP |
| 043 | |an-cn--- |
| 086 | 1 |aNR24-28/1995F-PDF|zNR36-1/1995F |
| 086 | 1 |aNR24-28/1995-2F-PDF |
| 086 | 1 |aNR24-28/1995-3F-PDF |
| 086 | 1 |aNR24-28/1995-4F-PDF |
| 086 | 1 |aNR24-28/1995-5F-PDF |
| 245 | 00|aCode national du bâtiment - Canada, 1995 / |cpublié par la Commission canadienne des codes du bâtiment et de prévention des incendies. |
| 246 | 13|aCode national du bâtiment - Canada, 1995 : |bdeuxièmes modifications |
| 246 | 13|aCode national du bâtiment - Canada, 1995 (première impression) : |btroisièmes modifications (comprenant des pages de remplacement) |
| 246 | 13|aCode national du bâtiment - Canada, 1995 (première impression) : |bquatrièmes modifications (comprenant des pages de remplacement) |
| 246 | 13|aCode national du bâtiment - Canada, 1995 (première et deuxième impressions) : |bcinquièmes modifications (comprenant une page de remplacement) |
| 250 | |aOnzième édition, deuxième impression, comprend les modifications et les errata de juillet 1998. |
| 264 | 1|aOttawa : |bConseil national de recherches du Canada, |c1995-2003. |
| 264 | 4|c©1995 |
| 300 | |a1 ressource en ligne (xxii, 605 pages) : |billustrations + |e4 modifications (pagination multiple) |
| 336 | |atexte|btxt|2rdacontent/fre |
| 337 | |ainformatique|bc|2rdamedia/fre |
| 338 | |aressource en ligne|bcr|2rdacarrier/fre |
| 500 | |aTitre de la couverture. |
| 500 | |aLe numéro de catalogue (NR36-1/1995F) et l'ISBN (0660961113) de l'édition imprimée ont été copiés dans l'édition électronique. |
| 500 | |aPublié aussi en anglais sous le titre : National Building Code of Canada 1995. |
| 504 | |aComprend des références bibliographiques et un index. |
| 520 | |a« Le Code national du bâtiment - Canada 1995 (CNB) est préparé par la Commission canadienne des codes du bâtiment et de prévention des incendies (CCCBPI) et publié par le Conseil national de recherches du Canada (CNRC). Il se présente sous la forme d'un code modèle qui peut être adopté par toute autorité compétente » -- Préface, page xi. |
| 650 | 6|aConstruction|xDroit|zCanada|vCodes. |
| 650 | 6|aConstructions|xNormes|zCanada. |
| 710 | 2 |aCommission canadienne des codes du bâtiment et de prévention des incendies, |eorganisme de publication. |
| 775 | 08|tNational Building Code of Canada 1995 / |w(CaOODSP)9.947106 |
| 794 | |tCode national du bâtiment - Canada, 2005 / |w(CaOODSP)9.946886 |
| 795 | |tCode national du bâtiment du Canada, 1990 / |w(CaOODSP)9.947039 |
| 856 | 40|qPDF|s2.71 Mo|uhttps://publications.gc.ca/collections/collection_2025/cnrc-nrc/NR24-28-1995-fra.pdf|zCode |
| 856 | 40|qPDF|s1.71 Mo|uhttps://publications.gc.ca/collections/collection_2025/cnrc-nrc/NR24-28-1995-2-fra.pdf|zModifications (novembre 1999) |
| 856 | 40|qPDF|s1.02 Mo|uhttps://publications.gc.ca/collections/collection_2025/cnrc-nrc/NR24-28-1995-3-fra.pdf|zModifications (juin 2001) |
| 856 | 40|qPDF|s2.25 Mo|uhttps://publications.gc.ca/collections/collection_2025/cnrc-nrc/NR24-28-1995-4-fra.pdf|zModifications (avril 2002) |
| 856 | 40|qPDF|s124 Ko|uhttps://publications.gc.ca/collections/collection_2025/cnrc-nrc/NR24-28-1995-5-fra.pdf|zModifications (juin 2003) |
| 986 | |a38726F |